| 000 | 00962nam a2200265 i 4500 | ||
|---|---|---|---|
| 001 | 31888 | ||
| 003 | ES-MaACL | ||
| 005 | 20250805063236.0 | ||
| 007 | t| | ||
| 008 | 030130s1976 sp ||||1| spa d | ||
| 100 | 1 |
_aBécquer, Gustavo Adolfo, _d1836-1870 _926974 |
|
| 245 | 1 | 0 |
_aAntología de rimas / _cGustavo Adolfo Béquer ; selección y prólogo de Joaquín Benito de Lucas ; traducción Kamal Fausi, Sami Dib, Jorge Sarhan ; presentación de Nizar Kabbani. |
| 250 | _a2ª ed. | ||
| 260 |
_aMadrid : _bInstituto Hispano-Arabe de Cultura, _c1976. |
||
| 300 |
_aXVIII, 61 p. ; _c21 cm. |
||
| 490 | 1 |
_aClásicos hispanos ; _v1 |
|
| 700 | 1 |
_aBenito de Lucas, Joaquín. _927672 |
|
| 700 | 1 |
_aFausi, Kamal. _948978 |
|
| 700 | 1 |
_aDib, Sami. _944471 |
|
| 700 | 1 |
_aSarhan, Jorge. _9103816 |
|
| 700 | 1 |
_aQabbani, Nizar. _994468 |
|
| 830 | 0 |
_aClásicos hispanos ; _v1 _9229392 |
|
| 852 |
_aES-MaACL _jL-2835 _bR.103774 |
||
| 999 |
_c31888 _d31888 |
||